000 00921nam a22002417a 4500
999 _c7091
_d7091
003 AR-CdUCM
008 190319b ||||| |||| 00| 0 spa d
040 _aMUNICIPALIDAD PROVINCIAL DEL CUSCO
_cBIBLIOTECA MUNICIPAL DEL CUSCO
041 _heng
082 _a531 /
_bK58
100 _aKittel, Charles
_919973
245 _aMecanica :
_bBerkeley physics course /
260 _aBarcelona :
_bReverte,
_c1968.
300 _avolumenes ;
_bilustraciones ;
_c23 cm.
505 _aContenido : v.1: Vectores -- Invarianza galileana -- Problemas simples de la mecánica no relativista -- Conservación de la energía -- Conservación de la cantidad de movimiento y del momento cinético -- Oscilador armóico ...
650 _aFísica
_92382
650 _aMecánica
_918682
650 _aTeoría
_95077
700 _a D. Knight, Walter
_919974
700 _aRuderman, Malvin A.
_919975
942 _2ddc
_cLIBROS
945 _azta